| 000 -LEADER |
| fixed length control field |
00803cam a22002177a 4500 |
| 020 ## - INTERNATIONAL STANDARD BOOK NUMBER |
| ISBN |
1446295141 |
| 020 ## - INTERNATIONAL STANDARD BOOK NUMBER |
| ISBN |
9781446295144 |
| 020 ## - INTERNATIONAL STANDARD BOOK NUMBER |
| ISBN |
9781446295151 |
| 020 ## - INTERNATIONAL STANDARD BOOK NUMBER |
| ISBN |
144629515X |
| 040 ## - CATALOGING SOURCE |
| Transcribing agency |
YDX |
| 082 04 - DEWEY DECIMAL CLASSIFICATION NUMBER |
| Classification number |
519 HAR 1993 C158 Or. |
| 100 1# - MAIN ENTRY--AUTHOR NAME |
| Personal name |
Bergin, Tiffany, |
| 245 13 - TITLE STATEMENT |
| Title |
An introduction to data analysis : |
| Remainder of title |
quantitative, qualitative and mixed methods / |
| 260 ## - PUBLICATION, DISTRIBUTION, ETC. (IMPRINT) |
| Place of publication |
London : |
| Name of publisher |
SAGE Publications, |
| Year of publication |
2018. |
| 300 ## - PHYSICAL DESCRIPTION |
| Number of Pages |
xviii, 269 pages : |
| Other physical details |
illustrations ; |
| Dimensions |
25 cm |
| 520 8# - SUMMARY, ETC. |
| Summary, etc |
Covering the general process of data analysis to finding, collecting, organizing, and presenting data, this book offers a complete introduction to the fundamentals of data analysis. |
| 650 #0 - SUBJECT ADDED ENTRY--TOPICAL TERM |
| Topical Term |
Mathematical analysis |
| 650 #4 - SUBJECT ADDED ENTRY--TOPICAL TERM |
| Topical Term |
Mathematical analysis |
| 650 #7 - SUBJECT ADDED ENTRY--TOPICAL TERM |
| Topical Term |
Mathematical analysis |
| 942 ## - ADDED ENTRY ELEMENTS (KOHA) |
| Koha item type |
ADB |
| 952 ## - LOCATION AND ITEM INFORMATION (KOHA) |
| Withdrawn status [LOCAL, KOHA] |
0 |
| 952 ## - LOCATION AND ITEM INFORMATION (KOHA) |
| Withdrawn status [LOCAL, KOHA] |
0 |